书目信息 |
| 题名: |
详论大数据时代连锁经营的管理模式与技术
|
|
| 作者: | 周敏 著 | |
| 分册: | ||
| 出版信息: | 长春 东北师范大学出版社 2017 |
|
| 页数: | 308页 | |
| 开本: | 24cm | |
| 丛书名: | ||
| 单 册: | ||
| 中图分类: | F717.6 | |
| 科图分类: | ||
| 主题词: | 连锁经营--商业模式--管理模式 | |
| 电子资源: | ||
| ISBN: | 978-7-5681-3749-2 | |
| 000 | 00884nam0 2200229 450 | |
| 001 | 012001000935 | |
| 005 | 20140920091302.0 | |
| 010 | @a978-7-5681-3749-2@dCNY70.00 | |
| 100 | @a20180315d2017 em y0chiy50 ea | |
| 101 | 0 | @achi |
| 102 | @aCN@b220000 | |
| 105 | @ay z 000yy | |
| 106 | @ar | |
| 200 | 1 | @a详论大数据时代连锁经营的管理模式与技术@9Xiang Lun Da Shu Ju Shi Dai Lian Suo Jing Ying De Guan Li Mo Shi Yu Ji Shu@f周敏著 |
| 210 | @a长春@c东北师范大学出版社@d2017 | |
| 215 | @a308页@d24cm | |
| 330 | @a本书共六章,主要介绍了大数据时代的连锁经营与变革、大数据时代连锁企业的信息管理、大数据时代的连锁企业经营管理、大数据时代的连锁企业组织管理、大数据时代的连锁企业个性化与新应用管理。 | |
| 606 | 0 | @a连锁经营@x商业模式@x管理模式 |
| 690 | @aF717.6@v5 | |
| 701 | 0 | @a周敏@9Zhou Min@c(职业教育)@4著 |
| 801 | 0 | @aCN@b上海新华@c20180901 |
| 905 | @b1155582-86@dF717.6@e1030@f5 | |
| 详论大数据时代连锁经营的管理模式与技术/周敏著.-长春:东北师范大学出版社,2017 |
| 308页;24cm |
| ISBN 978-7-5681-3749-2:CNY70.00 |
| 本书共六章,主要介绍了大数据时代的连锁经营与变革、大数据时代连锁企业的信息管理、大数据时代的连锁企业经营管理、大数据时代的连锁企业组织管理、大数据时代的连锁企业个性化与新应用管理。 |
| ● |
| 相关链接 |
|
|
|
|
正题名:详论大数据时代连锁经营的管理模式与技术
索取号:F717.6/1030
 
预约/预借
| 序号 | 登录号 | 条形码 | 馆藏地/架位号 | 状态 | 备注 |
| 1 | 1155582 | 211555823 | 第一样本阅览室/ [索取号:F717.6/1030] | 在馆 | |
| 2 | 1155583 | 211555832 | 第一借阅区/ [索取号:F717.6/1030] | 在馆 | |
| 3 | 1155584 | 211555841 | 第一借阅区/ [索取号:F717.6/1030] | 在馆 | |
| 4 | 1155585 | 211555850 | 第一借阅区/ [索取号:F717.6/1030] | 在馆 | |
| 5 | 1155586 | 211555869 | 密集书库-海洋学院/ [索取号:F717.6/1030] | 在馆 |